000 00439nam a22001817a 4500
003 MPLRDC
005 20220104113904.0
008 210129b ||||| |||| 00| 0 eng d
020 _a7-80039-620-7
082 _a848.4 ZXL-5 c.2
100 _a张贤亮
245 _a张贤亮爱情三部曲
_c
250 _a一版一刷
260 _a
_b华艺出版社
_c1992
300 _b
650 _a现代别集
942 _cBK
_o848.4 ZXL-5 c.2
999 _c3148
_d3138